000 00192nam a22000857a 4500
003 SGT
245 _aINTERNATIONAL JOURNAL OF INTELLIGENT INFORMATION PROCESSING
260 _c2014
942 _2ddc
_cBV
999 _c21473
_d21473